Statistics for Winning captains of Champions League

Click here to take the quiz!

General Stats

  • This quiz has been taken 32 times
  • The average score is 14 of 25

Answer Stats

YearAnswer% Correct
2016 | 2017Ramos
100%
2015Xavi
93%
2006 | 2009Puyol
93%
2005Gerrard
89%
2013Lahm
85%
2012Lampard
78%
2014Casillas
74%
2003 | 2007Maldini
74%
2010Zanetti
67%
2008Ferdinand
59%
2001Effenberg
52%
2002Hierro
52%
1999Schmeichel
41%
1993Deschamps
30%
2004Costa
26%
2011Abidal
26%
1998 | 2000Sanchis
22%
1995Blind
22%
1996Vialli
19%
1997Reuter
15%
1994Tassotti
4%

Score Distribution

Percentile by Number Answered

Percent of People with Each Score

Your Score History

You have not taken this quiz